000 00594nam a2200229Ia 4500
003 OSt
005 20221005120635.0
006 a|||||r|||| 00| 0
007 ta
008 221004b |||||||| |||| 00| 0 tam d
024 _a52117
037 _cTextual
040 _aCRL
_cCRL
_btam
041 _2tam
_atam
082 _aV2:51wM98, 31M5
100 _aPillai Kumbalathu Sanku
_9629451
245 0 _aEnte kazhinjakalasmaranakal
260 _c1985
650 _aHISTORY
942 _hV2:51wM98, 31M5
_cTEXL
_2cc
999 _c1038650
_d1038650